000 00443nam a2200145Ia 4500
008 230917s9999||||xx |||||||||||||| ||und||
040 _e5017181
_aMAIN
041 _aEnglish
082 _a891.431721 VH58:NK
100 _aनीलम कुमारी
245 0 _aहरिशरण वर्मा के साहित्य में संवेदना और शिल्प
260 _c2021
300 _a371 p.
942 _cBK
999 _c10961
_d10961